Countries that Bombed Serbia and Montenegro (FR Yugoslavia) in 1999 - Serbian History - Statistics

General Stats
  • This quiz has been taken 3,096 times
  • The average score is 11 of 13
Answer Stats
Country % Correct
United States
99%
France
96%
Germany
96%
United Kingdom
96%
Spain
94%
Italy
93%
Canada
87%
Portugal
87%
Belgium
85%
Netherlands
84%
Norway
79%
Denmark
78%
Turkey
74%
No matching quizzes found
Score Distribution
Percent of People with Each Score
Percentile by Number Answered
Your Score History
You have not taken this quiz